[Event "SCO-ch"]
[Site "Stirling"]
[Date "2002.07.11"]
[Round "6"]
[White "Berry, Neil"]
[Black "Bryson, Douglas Marshall"]
[Result "1/2-1/2"]
[WhiteElo "2255"]
[BlackElo "2383"]
[PlyCount "121"]
[EventDate "2002.07.06"]
[EventType "swiss"]
[EventRounds "9"]
[EventCountry "SCO"]
[SourceTitle "CBM 089 Extra"]
[Source "ChessBase"]
[SourceDate "2002.09.10"]
[SourceVersion "2"]
[SourceVersionDate "2002.09.10"]
[SourceQuality "1"]

1. Nf3 d5 2. d4 Nf6 3. c4 e6 4. Nc3 c6 5. Bg5 Nbd7 6. e3 Qa5 7. Nd2 Bb4 8. Qc2 0-0 9. Be2 e5 10. 0-0 exd4 11. Nb3 Qb6 12. exd4 dxc4 13. Bxc4 Qc7 14. Nd2 Bd6 15. Nf3 b6 16. Ne4 Be7 17. Ng3 Bb7 18. Nf5 Rae8 19. Rfe1 Bd6 20. Nxd6 Qxd6 21. Bh4 c5 22. Bg3 Qc6 23. Rxe8 Rxe8 24. Qb3 Rf8 25. Bb5 Qc8 26. Bd6 Bd5 27. Bc4 Bxc4 28. Qxc4 cxd4 29. Qxd4 Re8 30. Ne5 Nxe5 31. Bxe5 Qe6 32. f4 Ng4 33. h3 Nxe5 34. fxe5 Qxe5 35. Qxe5 Rxe5 36. Rd1 f6 37. Rd7 Re2 38. Rxa7 Rxb2 39. a4 Ra2 40. Rb7 Rxa4 41. Rxb6 h5 42. g3 Kh7 43. Kg2 Ra2+ 44. Kf3 Kg6 45. h4 Ra3+ 46. Kg2 Ra5 47. Rb4 Kf5 48. Kf3 g5 49. hxg5 fxg5 50. Rc4 Ra3+ 51. Kf2 Ra2+ 52. Kf3 g4+ 53. Ke3 Ra5 54. Rb4 Kg5 55. Kf2 h4 56. gxh4+ Kxh4 57. Rb1 Ra2+ 58. Kg1 Kh3 59. Rc1 g3 60. Rb1 Ra3 61. Rc1 1/2-1/2

[Event "SCO-ch"]
[Site "Stirling"]
[Date "2002.07.09"]
[Round "4"]
[White "McKay, Roderick M"]
[Black "Bryson, Douglas Marshall"]
[Result "1/2-1/2"]
[WhiteElo "2375"]
[BlackElo "2383"]
[PlyCount "89"]
[EventDate "2002.07.06"]
[EventType "swiss"]
[EventRounds "9"]
[EventCountry "SCO"]
[SourceTitle "CBM 089 Extra"]
[Source "ChessBase"]
[SourceDate "2002.09.10"]
[SourceVersion "2"]
[SourceVersionDate "2002.09.10"]
[SourceQuality "1"]

1. Nf3 d5 2. b3 Bg4 3. Bb2 Nd7 4. d3 Bxf3 5. gxf3 e5 6. e3 Ngf6 7. Rg1 g6 8. c4 Bg7 9. cxd5 Nxd5 10. Nc3 Nxc3 11. Bxc3 Qe7 12. Qc2 0-0 13. Rc1 Rfe8 14. Bd2 c6 15. b4 Nf8 16. Qc4 Ne6 17. a4 Rad8 18. Be2 Kh8 19. Kf1 f5 20. b5 c5 21. Be1 b6 22. h4 f4 23. Rh1 h5 24. Qe4 Qf6 25. Rc2 Bh6 26. a5 Ng7 27. Rg1 Nf5 28. exf4 Bxf4 29. axb6 axb6 30. Ra2 Re7 31. Bc3 Rd6 32. Qa8+ Kh7 33. Qb8 Nd4 34. Ra8 Rf7 35. Bxd4 exd4 36. Bd1 Be5 37. Bb3 Re7 38. Bd5 Qg7 39. Be4 Rf6 40. Qd8 Bc7 41. Qc8 Bf4 42. Rg2 Kh6 43. Qd8 Rd7 44. Qe8 Re7 45. Qd8 1/2-1/2

[Event "EU-chT (Men) 13th"]
[Site "Leon"]
[Date "2001.11.11"]
[Round "6.2"]
[White "Bryson, Douglas Marshall"]
[Black "Mitkov, Nikola"]
[Result "1/2-1/2"]
[WhiteElo "2384"]
[BlackElo "2514"]
[PlyCount "71"]
[EventDate "2001.11.06"]
[EventType "team-swiss"]
[EventRounds "9"]
[EventCountry "ESP"]
[SourceTitle "CBM 086"]
[Source "ChessBase"]
[SourceDate "2002.02.05"]
[SourceVersion "1"]
[SourceVersionDate "2002.02.05"]
[SourceQuality "1"]
[WhiteTeam "Scotland"]
[BlackTeam "Macedonia"]
[WhiteTeamCountry "SCO"]
[BlackTeamCountry "MKD"]

1. e4 d6 2. d4 Nf6 3. Nc3 e5 4. Nf3 Nbd7 5. Bc4 Be7 6. 0-0 0-0 7. Re1 c6 8. a4 a5 9. b3 exd4 10. Qxd4 Ng4 11. Ba3 Bf6 12. Qd2 Nde5 13. Be2 Qb6 14. Rf1 Rd8 15. Rad1 Nxf3+ 16. Bxf3 Be6 17. h3 Ne5 18. Be2 d5 19. exd5 cxd5 20. Kh1 Rac8 21. Nb5 Ng6 22. Bd3 Nh4 23. Rfe1 h6 24. Qf4 d4 25. Nd6 Qc7 26. Qg3 Bd5 27. Nxc8 Qxc8 28. f3 Be6 29. Rd2 Qd7 30. Rde2 g5 31. Bc1 Kg7 32. Bf4 Ng6 33. Bc7 Rc8 34. Bxg6 Kxg6 35. Be5 Rc5 36. Re4 1/2-1/2

[Event "EU-chT (Men) 13th"]
[Site "Leon"]
[Date "2001.11.08"]
[Round "3.2"]
[White "Bryson, Douglas Marshall"]
[Black "Zeidler, Sven P"]
[Result "1-0"]
[WhiteElo "2384"]
[BlackElo "2296"]
[PlyCount "59"]
[EventDate "2001.11.06"]
[EventType "team-swiss"]
[EventRounds "9"]
[EventCountry "ESP"]
[SourceTitle "CBM 086"]
[Source "ChessBase"]
[SourceDate "2002.02.05"]
[SourceVersion "1"]
[SourceVersionDate "2002.02.05"]
[SourceQuality "1"]
[WhiteTeam "Scotland"]
[BlackTeam "Wales"]
[WhiteTeamCountry "SCO"]
[BlackTeamCountry "WLS"]

1. e4 d5 2. exd5 Qxd5 3. Nc3 Qa5 4. d4 Nf6 5. Nf3 Bg4 6. h3 Bh5 7. g4 Bg6 8. Ne5 e6 9. h4 Nbd7 10. Nc4 Qa6 11. h5 Be4 12. Rh4 Qc6 13. g5 Bd5 14. Ne5 Nxe5 15. dxe5 Bf3 16. Qd2 Rd8 17. Bb5 Rxd2 18. Bxd2 Nxh5 19. Bxc6+ bxc6 20. Ne2 g6 21. Ng1 Bg2 22. Rg4 Bh1 23. Ke2 c5 24. f3 Bg7 25. Nh3 Bxe5 26. f4 f5 27. gxf6 Nxf6 28. Rgg1 Bd4 29. Rxh1 Ne4 30. Be1 1-0